Central Library OPAC University of Rajshahi

The anatomy of the rainbow lizard : (Record no. 12398)

MARC details
000 -LEADER
fixed length control field 00876nam a2200277 a 4500
001 - CONTROL NUMBER
control field 12398
003 - CONTROL NUMBER IDENTIFIER
rucl marc code BD-RjUL
005 - DATE AND TIME OF LATEST TRANSACTION
control field 20211208235303.0
008 - FIXED-LENGTH DATA ELEMENTS--GENERAL INFORMATION
fixed length control field 170604s1963 enka b 001 0 eng d
035 ## - SYSTEM CONTROL NUMBER
System control number (BD-RjUL)12447
040 ## - CATALOGING SOURCE
Original cataloging agency DLC/ICU
Transcribing agency CGU
Modifying agency UKM
-- EQO
-- BD-RjUL
Language of cataloging eng
041 ## - LANGUAGE CODE
Language code of text/sound track or separate title eng
082 04 - DEWEY DECIMAL CLASSIFICATION NUMBER
Classification number 597.95
Edition number 23
Author mark and year HAA 1963
100 1# - MAIN ENTRY--PERSONAL NAME
Personal name Harris, Vernon A.
9 (RLIN) 38505
245 14 - TITLE STATEMENT
Title The anatomy of the rainbow lizard :
Remainder of title Agama agama (L) With a glossary of anatomical terms /
Statement of responsibility, etc. Vernon A. Harris.
260 ## - PUBLICATION, DISTRIBUTION, ETC. (IMPRINT)
Place of publication, distribution, etc. London :
Name of publisher, distributor, etc. [Hutchinson,
Date of publication, distribution, etc. c1963.
300 ## - PHYSICAL DESCRIPTION
Pagination 104 p. :
Illustrations ill. ;
Size 25 cm.
490 1# - SERIES STATEMENT
Series statement Hutchinson tropical monographs
504 ## - BIBLIOGRAPHY, ETC. NOTE
Bibliography, etc Bibliography: p. 98-99.
650 #0 - SUBJECT ADDED ENTRY--TOPICAL TERM
Topical term or geographic name as entry element lizards
9 (RLIN) 38506
Topical term or geographic name as entry element Agama agama.
9 (RLIN) 217819
Topical term or geographic name as entry element Reptiles
General subdivision Anatomy.
9 (RLIN) 38507
830 #0 - SERIES ADDED ENTRY--UNIFORM TITLE
Uniform title Hutchinson tropical monographs
942 ## - ADDED ENTRY ELEMENTS (KOHA)
Source of classification or shelving scheme Dewey Decimal Classification
Koha item type Books
Holdings
Lost status Source of classification or shelving scheme Damaged status Not for loan Permanent Location Current Location Shelving location Date acquired Source of acquisition Cost, normal purchase price Total Checkouts Full call number Date last seen Copy number Koha item type Collection code
  Dewey Decimal Classification     Central Library, University of Rajshahi Central Library, University of Rajshahi   04/02/1970 Zeitlinger 15.00   597.95 HAA 1963 28/01/2014 C-2 Books  
  Dewey Decimal Classification   Not For Loan Central Library, University of Rajshahi Central Library, University of Rajshahi Reading Room 25/10/1968 M. A. Hossain Zoo. Dept. RU. 15.00   597.95 HAA 1963 04/06/2017 C-1 Books Non-fiction
  Dewey Decimal Classification   Not For Loan Central Library, University of Rajshahi Central Library, University of Rajshahi   04/02/1970 zeit 15.00   597.95 HAA 1963 04/06/2017 C-3 Books Non-fiction